Statistics for 10 Biggest Cities in Bulgaria

Click here to take the quiz!

General Stats

  • This quiz has been taken 69 times
    (66 since last reset)
  • The average score is 6 of 10

Answer Stats

Population City % Correct
1 155 000Sofia
95%
340 000Plovdiv
90%
315 000Varna
90%
195 000Burgas
86%
120 000Pleven
62%
145 000Stara Zagora
55%
95 000Sliven
55%
90 000Shumen
36%
95 000Dobrich
31%
155 000Rousse
26%

Score Distribution

Percentile by Number Answered

Percent of People with Each Score

Your Score History

You have not taken this quiz since the last reset